000 04764nas a22002897a 4500
003 NALT
005 20250925160253.0
006 a|||p|r|||| 00| 0
007 ta
008 250925b th |||p| |||| 00| 0 tha d
040 _aNALT
041 _atha
245 0 0 _aดุลพาห ปีที่ 51 เล่ม 1-3 (มกราคม-ธันวาคม 2547).
260 _aอรุณการพิมพ์.
310 _aรายสี่เดือน
500 _aวารสารเย็บเล่ม
505 2 _aปีที่ 51 เล่ม 1 ม.ค.-เม.ย. 2547 -- เฉลียวฉลาดรพี กรมหลวงราชบุรีดิเรกฤทธิ์ พระประวัติ ผลงาน และเหตุการณ์ในแผ่นดิน -- ระบบศาลยุติธรรมและการขอให้มี การทบทวนคำพิพากษาของศาลในประเทศฝรั่งเศส -- การขจัดหรือบรรเทาภาระภาษีซ้ำซ้อนระหว่างประเทศ -- สาระสำคัญเกี่ยวกับกฎหมายคุ้มครองเด็ก -- จับผู้ต้องหาเพื่อการสอบสวนครั้งหนึ่งแล้วจะขอให้ศาลออกหมายจับผู้ต้องหาซ้ำเพื่อการฟ้องคดีได้อีกหรือไม่.
505 2 _aปีที่ 51 เล่ม 2 พ.ค.-ส.ค. 2547 -- เฉลียวฉลาดรพี กรมหลวงราชบุรีดิเรกฤทธิ์ พระประวัติ ผลงานและเหตุการณ์ในแผ่นดิน (ตอนที่ 4 ต่อ) -- เฉลียวฉลาดรพี กรมหลวง ราชบุรีดิเรกฤทธิ์ (ตอนที่ 5) การปฏิรูปศาลยุติธรรม -- การปรับปรุงกระบวนพิจารณาคดีแพ่ง -- ระบบอนุญาโตตุลาการของโลกในทศวรรษหน้า -- กระบวนการยุติธรรม เชิงสมานฉันท์ : "ทางเลือก" ในการยุติข้อขัดแข้งทางอาญาสำหรับสังคมไทย -- ประเทศไทยกับการเปิดเสรีการค้าบริการ ภายใต้ความตกลงทั่วไปว่าด้วยการค้าบริการ (GATS) สาขาวิชาชีพบัญชี วิเคราะห์ในเชิงกฎหมาย. เศรษฐกิจระหว่างประเทศ
505 2 _aปีที่ 51 เล่ม 3 ก.ย.-ธ.ค. 2547 -- เฉลียวฉลาดรพี กรมหลวงราชบุรีดิเรกฤทธิ์ พระประวัติ ผลงาน และเหตุการณ์ในแผ่นดิน (ตอนที่ 6) -- การพิสูจน์ลายพิมพ์ ดี เอ็น เอ ในศาลในคดีอาญา -- การตีความกฎหมายภาษีอากร -- ปัญหาการรวมการลงโทษ -- การพิจารณาคดีต่อเนื่องในระบบศูนย์นัดความ -- การพิจารณาคดีครบองค์คณะ และต่อเนื่องมิติใหม่ของศาลยุติธรรมไทย : ศึกษาเฉพาะกรณีศาลจังหวัดอุบลราชธานี -- รายงานการวิจัย เรื่อง ศาลยุติธรรมกับการระงับข้อพิพาท -- ทางเลือกในการ สรรหาคณะกรรมการตุลาการศาลยุติธรรม (ก.ต.) -- ระบบอนุญาโตตุลาการของโลกในทศวรรษหน้า.
650 0 _aศาลยุติธรรม
_930565
650 0 _aผู้ต้องหา
_953857
850 _aNALT
866 _aปีที่ 51 เล่ม 1-3 (มกราคม-ธันวาคม 2547)
942 _cBOUND
996 _aaroonthip.c
_bLIBSTF
_c2025-09-25
999 _c107299
_d107299
998 _h179
_j179
_k นางสาวอรุณทิพย์ จันทร์ดิษฐ์